00612 2200205 4500001002100000005001700021008004100038020002200079035002400101040001200125090002000137100002000157245010900177250001000286260002700296300002400323650002500347850001200372990002200384YOGYA-0212000000022320120215185011.0 ind  a978-979-29-1976-9 0010-021200000000223 aYOPDYOG aDEP 248.4 Reg Y aRegina Clarinda aYou are Survivor :bmenyingkap rahasia untuk bertahan dan menang dalam setiap situasi /cRegina Clarinda aCet.1 aYogyakartabAndic2011 aXVI, 220 hlmc20 cm aKehidupan Kerohanian aYOPDYOG aCB-D.11-2011-1996